000 00348nam a22001337a 4500
020 _a81-318-0030-X
082 _a300
_bMIS/C
100 _aDr.YUTHIKA MISHRA, S.A.SIDDIQUI
245 _aCOMPREHENSIVE SOCIAL SCIENCE
_bCLASS IX VOL II
260 _aDELHI
_bLAXMI PUBLICATION
300 _a65
650 _aSOCIAL SCIENCE FOR CLASS IX
_zINDIA
942 _cBK
999 _c946
_d946